| 000 | 00756cam a2200241 a 4500 | ||
|---|---|---|---|
| 001 | 000010660 | ||
| 005 | 20250311111111.0 | ||
| 008 | 721120s1969 ve 001 0 spa | ||
| 040 |
_aDO-SdBNP _bspa _cBNPHU |
||
| 082 |
_a001.4 _bV448r |
||
| 100 | 1 |
_aVenanzi, Francisco de _d1917-1987 _925822 |
|
| 245 | 1 | 0 | _aReflexiones en siete vertientes. |
| 260 |
_aCaracas : _bUniversidad Central de Venezuela, _c1969. |
||
| 300 |
_a349 p. ; _c16 cm. |
||
| 490 | 1 |
_aAvance _v23 |
|
| 650 | 0 |
_a Investigación _92 |
|
| 650 | 4 |
_aTecnología y civilización _94626 |
|
| 650 | 4 |
_aCiencia y civilización _94893 |
|
| 650 | 4 |
_aDesarrollo científico y tecnológico _98576 |
|
| 650 | 4 |
_aEducación cultural _925823 |
|
| 830 | 0 |
_aAvance ; _v23 _925824 |
|
| 049 | _aEn proceso | ||
| 999 |
_c10415 _d10415 |
||